| 000 | 00485nam a2200229Ia 4500 | ||
|---|---|---|---|
| 003 | IT-RoPAU | ||
| 008 | 120407s9999 xx 000 0 und d | ||
| 040 | _aIT-RoPAU | ||
| 040 | _cIT-RoPAU | ||
| 041 | _aita | ||
| 100 | _aPaul Féval | ||
| 245 | _aIl lupo bianco. Vers. di Rina Bairati. | ||
| 250 | _aRoma | ||
| 260 | _aEdizioni Paoline | ||
| 260 | _c1966 | ||
| 300 | _a158 p. | ||
| 300 | _c24 cm | ||
| 490 | _ala 500 ep | ||
| 490 | _v136 | ||
| 942 | _cBK | ||
| 999 |
_c26451 _d26451 |
||